Leon Trotsky (Record no. 222053)
[ view plain ]
| 000 -LEADER | |
|---|---|
| fixed length control field | 01524nam a2200373 a 4500 |
| 082 04 - DEWEY DECIMAL CLASSIFICATION NUMBER | |
| Classification number | 947.084092 |
| -- | B |
| 100 1# - MAIN ENTRY--AUTHOR NAME | |
| Personal name | Rubenstein, Joshua. |
| 245 10 - TITLE STATEMENT | |
| Title | Leon Trotsky |
| 260 ## - PUBLICATION, DISTRIBUTION, ETC. (IMPRINT) | |
| Place of publication | New Haven : |
| Name of publisher | Yale University Press, |
| Year of publication | c2011. |
| 300 ## - PHYSICAL DESCRIPTION | |
| Number of Pages | x, 225 p. : |
| Other physical details | port. |
| 490 1# - SERIES STATEMENT | |
| Series statement | Jewish lives |
| 505 0# - FORMATTED CONTENTS NOTE | |
| Formatted contents note | The young revolutionary -- The revolution of 1905 -- An independent Marxist -- The revolution of 1917 -- Out of power -- Exile. |
| 650 #0 - SUBJECT ADDED ENTRY--TOPICAL TERM | |
| Topical Term | Communists |
| 856 40 - ELECTRONIC LOCATION AND ACCESS | |
| Uniform Resource Identifier | http://site.ebrary.com/lib/rucke/Doc?id=10503312 |
No items available.
